I grandi decoratori : lo studiolo de Francesco i a Firenze

Bibliographic Details
Main Author: Vitzthum, Walter
Format: Section = Libro
Language:Undetermined
Spanish
Published: Milano Fretelli Fabbri 1969
Subjects:
LEADER 00447nam a2200169Ia 4500
008 240829s9999 xx 000 0 und d
040 |a BIBLIOTECA-RUSB/ Ref 750 V854 
041 |a spa 
082 |a Ref 750 V854 
100 1 |a Vitzthum, Walter 
245 1 0 |a I grandi decoratori : lo studiolo de Francesco i a Firenze 
260 |a Milano  |b Fretelli Fabbri  |c 1969 
300 |a 72 p. :il. 
650 7 |a PINTURAS 
942 |c BK  |2 ddc 
991 |a TEXTO 
999 |c 6668